000 01424nam a2200229Ia 4500
003 PE SENCICO BE
005 20251020182424.0
008 200515s9999 xx 000 0 und d
040 _aPE SENCICO BE
_cPE SENCICO BE
082 _a153.93
_bC88 1993
100 1 _aCruz P., Roberto de la
_92117
_eautor
245 1 0 _aPsicotécnico superior /
_cRoberto de la Cruz P.
250 _a6a ed.
260 _aLima :
_bW.H. Editores ;
_c1993
300 _a487 p. :
_bgraf. ;
_c20 cm.
505 0 _aContar figuras -- Series numéricas -- Series literales -- Sumatoria -- Teoría de conjunto -- Fracción -- Porcentajes -- Problemas de psicotécnico -- Capacidades de análisis -- Capacidad de comparación -- Capacidad de imaginación -- Figuras análogas -- Test o cuadro de decisiones -- Razonamiento lógico -- Entrevista psicológica -- Psicotest de grado de madurez -- ¿Necesita ud. psiquiatra? -- Obras y autores literarios -- Jefes de estado y presidentes del Perú -- Inventos y descubrimientos científicos -- Paises del mundo -- Test de figura racional -- Test numérica y literales -- Conteo de cubos -- Memoria visual -- Habilidad operativa -- ¿Como esta su cultura? -- Examen de aptitud académica -- Problemas y ejercicios propuestos
650 1 0 _aPsicotécnico
_92140
650 2 0 _aPruebas de aptitud
_92141
650 2 0 _aAptitud académica
_92083
650 2 0 _aRazonamiento matemático
_92118
942 _cLIB
_2ddc
999 _c55
_d55